Countries Most Similar To Japan - Statistics

General Stats
  • This quiz has been taken 529 times
  • The average score is 10 of 20
Answer Stats
Rank Country Score % Correct
3 China 58.5
97%
2 South Korea 68.1
94%
1 Taiwan 68.4
90%
6 Thailand 54.4
72%
7 Vietnam 54.3
71%
4 Singapore 56.6
68%
16 Germany 52.8
52%
11 Malaysia 53.6
51%
15 France 53
50%
9 UK 53.9
50%
5 Italy 54.6
45%
13 Spain 53.2
41%
19 Sweden 52
35%
18 Norway 52.1
32%
14 Netherlands 53
28%
12 Austria 53.4
25%
10 New Zealand 53.7
24%
17 Belgium 52.3
23%
8 Slovenia 54.1
9%
20 Croatia 51.8
6%
No matching quizzes found
Score Distribution
Percent of People with Each Score
Percentile by Number Answered
Your Score History
You have not taken this quiz